000 01079cad a22002415a 4500
001 L149775
008 100422s2010 xxkdo f 000 0 eng d
035 _a(Sirsi) u149775
041 0 _aeng
050 0 4 _a333.33 $2 18
110 2 _aSavills Research
_95211
245 0 0 _aPrime residential markets in London and GB
_bApril 2010
_h[electronic resource]
260 _aLondon
_bSavills
_c2010
490 0 _aSavills Market in Minutes
_vApril 2010
520 _aPrime residential market in London and in the UK for the first quarter 2010. Prime markets in London improved as sales increased by 3% in Central London. Rental values rose by 2.8% due to low level supply as landlords put their properties onto the market. Prime regional prices rose by 2%.
521 _aAdvanced
590 _aKA NTK
650 2 4 _aSAVILLS MARKET IN MINUTES
651 4 _aUnited Kingdom
_y
690 _aResidential property
_96266
856 4 0 _uhttps://www.savills.co.uk/research/Report.aspx?nodeID=11234#
_zView the report free of charge (after registration) at www.savills.co.uk
942 _n0
999 _c110622
_d110622